Vodohospodársky spravodajca odborný časopis pre vodné hospodárstvo a životné prostredie

Aktuálne informácie, nové poznatky výskumu, vývoja a praktické skúsenosti z vodohospodárstva. Obsahová skladba časopisu je súčasťou výchovy a vzdelávania zo všetkých oblastí vodného hospodárstva.

Salvato in:
Dettagli Bibliografici
Natura: Periodico
Lingua:slovacco
Pubblicazione: Bratislava Združenie zamestnávateľov vo vodnom hospodárstve
Soggetti:
Tags: Aggiungi Tag
Nessun Tag, puoi essere il primo ad aggiungerne!!

MARC

LEADER 00000nas1a22000001 4500
001 s120034
005 20260313141911.2
022 |a 0322-886X 
041 0 |a slo 
044 |a SK 
245 1 0 |a Vodohospodársky spravodajca  |b odborný časopis pre vodné hospodárstvo a životné prostredie 
264 1 |a Bratislava  |b Združenie zamestnávateľov vo vodnom hospodárstve 
500 |a [Do r. 2022 vychádzal s podnázvom: dvojmesačník pre vodné hospodárstvo a životné prostredie] 
500 |a V roku 2023 bolo vydávanie časopisu prerušené 
520 |a Aktuálne informácie, nové poznatky výskumu, vývoja a praktické skúsenosti z vodohospodárstva. Obsahová skladba časopisu je súčasťou výchovy a vzdelávania zo všetkých oblastí vodného hospodárstva. 
610 2 0 |a vodohospodárstvo 
610 2 0 |a prostredie životné 
610 2 0 |a voda 
610 2 0 |a hydrotechnika 
610 2 0 |a výskum